000 00523 a2200181 4500
003 OSt
005 20240118120013.0
008 240118b |||||||| |||| 00| 0 eng d
020 _a9788194521709
040 _coclc
082 _a894.8129
_bGAZ/J
100 _aGazzali, Zainabul
_910284
245 _aJayilanubavangal /
_cZainabul Gazzali
250 _a11th ed.
260 _aKozhikode:
_bIslamic Publishing House,
_c2022.
300 _a208p.
942 _2ddc
_cBK
_h894.8129
_iGAZ/J
_k894.8129
_mGAZ/J
999 _c43247
_d43247